000044044 001__ 44044 000044044 005__ 20260410134646.0 000044044 0247_ $$2doi$$a10.6083/bpxhc44044 000044044 037__ $$aDA 000044044 245__ $$aOHSU Physician's Pavilion building in autum 000044044 260__ $$bOregon Health & Science University 000044044 269__ $$a2024 000044044 336__ $$aStill image 000044044 542__ $$fIn copyright - single owner 000044044 650__ $$aBuildings$$041554 000044044 6531_ $$aphysicians pavilion 000044044 6531_ $$aexterior 000044044 6531_ $$amarquam hill 000044044 7001_ $$aTorres Hicks, Christine 000044044 8564_ $$uhttps://digitalcollections.ohsu.edu/record/44044/files/20241019%20Physicians%20Pavilion%20%281%29.jpg$$9bb2041c3-f681-4c4d-800a-60bfe0200ebb$$s26698795$$ePublic$$2c83e2d8e4e4de87248afa8bb2b42ea25$$31 000044044 901__ $$a<p>These documents are archival records. They are retained for historical reference only. </p><p><b>Need an accessible version? Use the ‘Get Accessible Copy’ link above.</b></p> 000044044 956__ $$aGet Accessible Copy$$uhttps://ohsu.libwizard.com/f/requestaccessibledocument 000044044 980__ $$aStrategic Communications Images